Srvátka ako biotechnologická surovina

Bibliographic Details
Main Authors: Tomáška, Martin (Author), Šturdík, Ernest, 1947-2014 (Author)
Format: Article
Language:Slovak
Subjects:

MARC

LEADER 00000nab a2200000 a 4500
001 vtls000495559
003 SK-MaSNL
005 20260304082219.0
008 250424c1993 xo 0 slo
015 |a SNBRB19rr/mm-uuuuu 
035 |a CL0495697 
035 |a urn:nbn:sk:snk-abc8k 
035 |a (urnnbn)urn:nbn:sk:snk:ar-a04rrv 
035 |a (uuid)3dabb2d5-88eb-4b4f-b27e-52d2d55e14a5 
040 |a SNKBUCL  |b slo  |c SNKBUCL  |e AACR2 
041 0 |a slo 
044 |a xo  |c SK 
080 |a 637.142.2  |2 1981 
080 |a 637.344  |2 1981 
100 1 |a Tomáška, Martin  |4 aut  |9 75568 
245 1 0 |a Srvátka ako biotechnologická surovina  |c M. Tomaška, E. Šturdík 
300 |b Tab. 1 
650 0 7 |a srvátka  |2 snkbucl  |9 28552 
655 7 |a články z novín a časopisov  |2 snkbucl  |9 267496 
700 1 |a Šturdík, Ernest,  |d 1947-2014  |4 aut  |9 240302 
773 0 |t Mliekárstvo  |g Roč. 24, č. 1 (1993), s. 20-23  |x 1210-3144 
850 |a Slovenská národná knižnica 
852 |a Slovenská národná knižnica 
954 |a odborná, vedecká literatúra pôvodná (slovenská)  |2 lita 
958 |a article27 
958 |a RK 
958 |a OND 
958 |a EUIPO 
992 |a RBX 
999 |c 2794708  |d 2796638